000 00564nam a22001577a 4500
999 _c40976
_d40976
003 OSt
005 20210224114656.0
008 210224b ||||| |||| 00| 0 eng d
020 _a9789353065843
040 _coclc
082 _a378
_bTHO/G
100 _96395
_aThorpe, Edgar
245 _aGeneral Studies For Civil Services Preliminary Examination :
_bGeography And Environmental Ecology /
_cEdgar Thorpe ; Showick Thorpe
260 _aUttar Pradesh:
_bPearson India Education Services,
_c2019.
942 _2ddc
_cBK
_h378
_iTHO/G
_k378
_mTHO/G